| 000 | 00754nam a2200193 i 4500 | ||
|---|---|---|---|
| 001 | 151692 | ||
| 003 | ES-MaACL | ||
| 005 | 20250831063039.0 | ||
| 008 | 931025m17771788po |||| | por d | ||
| 100 | 1 |
_aBarros, João de, _d1496-1570 _926048 |
|
| 245 | 1 | 0 |
_aDa Asia de Joao de Barros _b: dos feitos que os portuguezes fizeram no descubrimento e conquista dos mares e terras do Oriente : decada terceira, parte segunda. |
| 260 |
_aLisboa : _bna Regia Officine Typografica, _c1777. |
||
| 300 |
_a[16], 525 p. ; _c8º. |
||
| 597 | _aSign.: *8, A-Z8, 2A-2I8, 2K7. | ||
| 597 | _aPort. con esc. xil. | ||
| 650 | 0 | 7 |
_aDescubrimientos geográficos portugueses _2embne _911832 |
| 852 |
_aES-MaACL _jR-1961 _z-- Enc. hol. |
||
| 999 |
_c151692 _d151692 |
||